000 00480nam a2200181Ia 4500
999 _c13964
_d13964
003 OSt
005 20201102101519.0
008 190216s9999||||xx |||||||||||||| ||und||
020 _a07449396652
040 _coclc
082 _a823
_bDES/J
100 _aDesai, Anita
_94775
245 0 _aJourney To Ithaca /
_cAnita Desai
260 _bMinerva,
_c1996.
_aLondon:
300 _a308p
650 _aEnglish Novel
942 _cBK
_2ddc
_h823
_iDES/J
_k823
_mDES/J